00475nam a2200121Ia 4500008004100000082002300041100002500064245007300089260003900162365000600201630007300207730007300280100415s9999 xx 000 0 und d b22163a363.73(546) aBakshi, Shabir Ahmed aProceedings of the seminar on Effects of Global Warming in J&K State aSRINAGARc0bJ&K Forest Department b0 aProceedings of the seminar on Effects of Global Warming in J&K State aProceedings of the seminar on Effects of Global Warming in J&K State